High Plains irrigation survey.

Bibliographic Details
Corporate Author: Texas Agricultural Extension Service
Format: Government Document Serial
Language:English
Published: College Station, Tex. : Texas Agricultural Extension Service, Texas A&M University System.
Subjects:

MARC

Tag First Indicator Second Indicator Subfields
LEADER 00000cas a2200000 a 4500
001 in00001493607
005 20151021075338.0
008 970625d19uu19uutxuar s0 0eng d
035 |a (OCoLC)37193271 
035 |9 AJH9477AM 
040 |a IKM  |c IKM  |d TXA  |d UtOrBLW 
043 |a n-us-tx 
049 |a TXAM 
086 |a Z TA265.8 H537PLI  |2 txdocs 
090 |a S616.U6  |b H5 
245 0 0 |a High Plains irrigation survey. 
264 1 |a College Station, Tex. :  |b Texas Agricultural Extension Service, Texas A&M University System. 
300 |a volumes :  |b illustrations ;  |c 28 cm. 
310 |a Annual 
336 |a text  |b txt  |2 rdacontent 
337 |a unmediated  |b n  |2 rdamedia 
338 |a volume  |b nc  |2 rdacarrier 
500 |a Description based on: 1976. 
650 0 |a Irrigation  |z Texas  |x Periodicals. 
710 2 |a Texas Agricultural Extension Service. 
948 |a c:br 
999 |a MARS 
999 f f |s ec1045f0-e002-320e-a834-da890a046bbb  |i ac28a7b5-f728-33b0-9cf2-76f5a05e6687  |t 0 
952 f f |p noncirc  |a Texas A&M University  |b College Station  |c Cushing Memorial Library & Archives  |d Cushing: Texas A&M (Does not check out)  |t 0  |e S616.U6 H5  |h Library of Congress classification  |i unmediated -- volume 
998 f f |a S616.U6 H5  |s 1971  |t 0  |l Cushing: Texas A&M (Does not check out)